| 000 | 02282cam a2200289 a 4500 | ||
|---|---|---|---|
| 999 |
_c26867 _d26867 |
||
| 001 | 15529683 | ||
| 003 | OSt | ||
| 005 | 20170207082415.0 | ||
| 008 | 081120s2009 enk b 001 0 eng | ||
| 010 | _a 2008050675 | ||
| 020 | _a9783039107049 (alk. paper) | ||
| 040 |
_aDLC _cDLC _dDLC |
||
| 050 | 0 | 0 |
_aN6888.B4 _bL66 2008 |
| 082 | 0 | 0 |
_a759.3 _222 |
| 100 | 1 | _aLong, Rose-Carol Washton. | |
| 245 | 1 | 0 |
_aOf 'truths impossible to put in words' : _bMax Beckmann contextualized / _cRose-Carol Washton Long and Maria Makela. |
| 260 |
_aOxford ; _aNew York : _bPeter Lang, _cc2009. |
||
| 300 |
_a356 p. : _bill. (some col.) ; _c24 cm. |
||
| 504 | _aIncludes bibliographical references and indexes. | ||
| 505 | 0 | _aList of illustrations -- Introduction / Rose-Carol Washton Long and Maria Makela -- Space as metaphor : Beckmann and the conflicts of secessionist style in Berlin / Jay A. Clarke -- Max Beckmann's inconceivable modernism / Karen Lang -- Ambivalence : personal and political / Rose-Carol Washton Long -- "Painted sounds" : music in the art of Max Beckmann / Marsha Morton -- Some portraits from Weimar-era Frankfurt / Barbara C. Buenger -- Max Beckmann, sport and the field of cultural criticism / James Van Dyke -- Titanic sinks, departure arrives : on Beckmann, film and the fall of history painting and rise of the historical object / Peter Chametzky -- Max Beckmann : from space to place / Sabine Eckmann -- Imagining the American West : Max Beckmann in St. Louis and California / F. Forrrester-Hahn -- Between heaven and earth : Max Beckmann's last representations of the artist / David Ehrenpreis -- List of contributors -- Index. | |
| 600 | 1 | 0 |
_aBeckmann, Max, _d1884-1950 _xCriticism and interpretation. |
| 650 | 0 |
_aArt and society _xHistory _y20th century. |
|
| 700 | 1 |
_aBeckmann, Max, _d1884-1950. |
|
| 700 | 1 | _aMakela, Maria Martha. | |
| 906 |
_a7 _bcbc _corignew _d1 _eecip _f20 _gy-gencatlg |
||
| 942 |
_2lcc _cBOOKS _hN 6888 .B4L66 2008 |
||